The effects of two different frequencies of jogging on maximal oxygen consumption and body composition of sedentary college-aged women /

Bibliographic Details
Main Author: Scott, Vicki Lynne
Format: Thesis Microform Book
Language:English
Published: [Place of publication not identified] : [publisher not identified] ; 1984.
Subjects:

MARC

Tag First Indicator Second Indicator Subfields
LEADER 00000cam a2200000 a 4500
001 in00000019353
005 20151007054240.0
007 he bmb|||||||
008 851102r19851984orua bb 00010 eng d
035 |a (OCoLC)12752643 
035 |9 AAB4448AM 
040 |a ORU  |c XBM  |d XBM  |d HPE  |d TXA  |d UtOrBLW 
049 |a TXAI 
099 |a fiche  |a C  |a 9256 
100 1 |a Scott, Vicki Lynne. 
245 1 4 |a The effects of two different frequencies of jogging on maximal oxygen consumption and body composition of sedentary college-aged women /  |c by Vicki Lynne Scott. 
264 1 |a [Place of publication not identified] :  |b [publisher not identified] ;  |c 1984. 
300 |a vi, 92 leaves :  |b illustrations 
336 |a text  |b txt  |2 rdacontent 
337 |a microform  |b h  |2 rdamedia 
338 |a microfiche  |b he  |2 rdacarrier 
502 |b M.S.  |c Pennsylvania State University  |d 1984. 
504 |a Bibliography: leaves 81-86. 
533 |a Microfiche.  |b Eugene :  |c Microform Publications, College of Human Development and Performance, University of Oregon,  |d 1985.  |e 2 microfiches : negative ; 11 x 15 cm. 
500 |a Microform. 
650 0 |a Jogging  |x Physiological aspects. 
650 0 |a Physical fitness for women. 
650 0 |a Women  |x Physiology. 
999 |a MARS 
999 f f |s f6109fff-110d-3608-b6e2-c334211a48e5  |i 8eaebd6b-61e8-3058-84b7-7ac7bb238869  |t 0 
952 f f |p normal  |a Texas A&M University  |b College Station  |c Sterling C. Evans Library  |d Evans: Microforms (3rd floor)  |t 0  |e fiche C 9256  |h Other scheme  |i microform -- microfiche  |m A14822855436 
998 f f |a fiche C 9256  |t 0  |l Evans: Microforms (3rd floor)